Geography Quiz

Random Geography or World Quiz
Score 0/197 Timer 05:00
0 Plays Today
% Correct
Canada
89.6%
United Kingdom
89.6%
Russia
87.5%
Brazil
85.4%
Argentina
83.3%
Chile
83.3%
France
83.3%
Japan
83.3%
Sweden
83.3%
United States
83.3%
China
81.3%
Germany
81.3%
Italy
81.3%
Mexico
81.3%
Spain
79.2%
Australia
77.1%
Belgium
77.1%
Colombia
77.1%
Egypt
77.1%
Fiji
77.1%
Finland
77.1%
Indonesia
77.1%
Jamaica
77.1%
Norway
77.1%
Uruguay
77.1%
Bolivia
75%
Chad
75%
Estonia
75%
Iceland
75%
Iran
75%
North Korea
75%
Latvia
75%
Turkey
75%
Philippines
75%
Peru
75%
Paraguay
75%
Panama
75%
Vietnam
75%
Costa Rica
72.9%
Cuba
72.9%
Denmark
72.9%
Guyana
72.9%
Iraq
72.9%
Ireland
72.9%
South Korea
72.9%
Mongolia
72.9%
Taiwan
72.9%
Poland
72.9%
Andorra
70.8%
Bahamas
70.8%
Belarus
70.8%
Cambodia
70.8%
Ecuador
70.8%
Lithuania
70.8%
Mali
70.8%
New Zealand
70.8%
Tonga
70.8%
Suriname
70.8%
Portugal
70.8%
UAE
70.8%
Austria
68.8%
Cen. Afr. Rep.
68.8%
Dem. Rep. of the Congo
68.8%
Dominica
68.8%
Greece
68.8%
Haiti
68.8%
% Correct
India
68.8%
Laos
68.8%
Lesotho
68.8%
Monaco
68.8%
Morocco
68.8%
Nauru
68.8%
Netherlands
68.8%
Togo
68.8%
Thailand
68.8%
Syria
68.8%
Sri Lanka
68.8%
South Africa
68.8%
San Marino
68.8%
Niger
68.8%
Ukraine
68.8%
Vatican City
68.8%
Bahrain
66.7%
Bangladesh
66.7%
Belize
66.7%
Bhutan
66.7%
Croatia
66.7%
Cyprus
66.7%
El Salvador
66.7%
Ethiopia
66.7%
Guatemala
66.7%
Kazakhstan
66.7%
Kiribati
66.7%
Madagascar
66.7%
Malta
66.7%
Senegal
66.7%
Samoa
66.7%
Nicaragua
66.7%
Tuvalu
66.7%
Venezuela
66.7%
Afghanistan
64.6%
Algeria
64.6%
Armenia
64.6%
Barbados
64.6%
Czechia
64.6%
Honduras
64.6%
Israel
64.6%
Lebanon
64.6%
Luxembourg
64.6%
Malaysia
64.6%
Switzerland
64.6%
Sudan
64.6%
Serbia
64.6%
Romania
64.6%
Papua New Guinea
64.6%
Nigeria
64.6%
Vanuatu
64.6%
Angola
62.5%
Benin
62.5%
Bulgaria
62.5%
Burundi
62.5%
Comoros
62.5%
Dominican Republic
62.5%
Ghana
62.5%
Guinea
62.5%
Jordan
62.5%
Libya
62.5%
Moldova
62.5%
Nepal
62.5%
Tunisia
62.5%
Timor-Leste
62.5%
Slovenia
62.5%
% Correct
Slovakia
62.5%
Singapore
62.5%
Saudi Arabia
62.5%
Rwanda
62.5%
Qatar
62.5%
Palau
62.5%
Pakistan
62.5%
South Sudan
62.5%
Antigua and Barbuda
60.4%
Brunei
60.4%
Côte d'Ivoire
60.4%
Georgia
60.4%
Kosovo
60.4%
Kuwait
60.4%
Kyrgyzstan
60.4%
Marshall Islands
60.4%
Myanmar
60.4%
Namibia
60.4%
Turkmenistan
60.4%
St. Kitts and Nevis
60.4%
Uzbekistan
60.4%
Yemen
60.4%
Zambia
60.4%
Albania
58.3%
Hungary
58.3%
Kenya
58.3%
Liechtenstein
58.3%
Malawi
58.3%
Maldives
58.3%
Mauritania
58.3%
Mauritius
58.3%
Montenegro
58.3%
Trinidad and Tobago
58.3%
Solomon Islands
58.3%
Seychelles
58.3%
St. Vincent-Grenadines
58.3%
St Lucia
58.3%
Oman
58.3%
Uganda
58.3%
Zimbabwe
58.3%
Azerbaijan
56.3%
Bosnia and Herzegovina
56.3%
Botswana
56.3%
Burkina Faso
56.3%
Cameroon
56.3%
Cabo Verde
56.3%
Djibouti
56.3%
Eritrea
56.3%
The Gambia
56.3%
Grenada
56.3%
Mozambique
56.3%
Tanzania
56.3%
Tajikistan
56.3%
eSwatini
56.3%
Palestine
56.3%
Rep. of the Congo
54.2%
Guinea-Bissau
54.2%
Micronesia
54.2%
Somalia
54.2%
Gabon
52.1%
Liberia
52.1%
North Macedonia
52.1%
Sierra Leone
52.1%
Equatorial Guinea
47.9%
São Tomé and Príncipe
45.8%
Remove Ads.
Support Sporcle.
Get the best of Sporcle when you Go Orange. This ad-free experience offers more features, more stats, and more fun while also helping to support Sporcle. Thank you for becoming a member.

You're not logged in!

Compare scores with friends on all Sporcle quizzes.
OR
Log In

Sporcle TV

Today on Sporcle TV


Watch our educational content, quiz creation guides, and fun videos on Sporcle TV.

Show Comments

Extras

Top Quizzes Today


Score Distribution

Paid Content

Your Account Isn't Verified!

In order to create a playlist on Sporcle, you need to verify the email address you used during registration. Go to your Sporcle Settings to finish the process.

Report this User

Report this user for behavior that violates our Community Guidelines.

Details: